Hazrat Omar Farooq (RA) / (Record no. 591338)
[ view plain ]
| 000 -LEADER | |
|---|---|
| fixed length control field | 00458nam a22001697a 4500 |
| 003 - CONTROL NUMBER IDENTIFIER | |
| control field | NUST |
| 005 - DATE AND TIME OF LATEST TRANSACTION | |
| control field | 20230309114450.0 |
| 020 ## - INTERNATIONAL STANDARD BOOK NUMBER | |
| Terms of availability | 9695031048 |
| 082 ## - DEWEY DECIMAL CLASSIFICATION NUMBER | |
| Classification number | 297.64,HAI |
| 100 ## - MAIN ENTRY--PERSONAL NAME | |
| Personal name | Haikal, Muhammad Hussain |
| 9 (RLIN) | 98696 |
| 245 ## - TITLE STATEMENT | |
| Title | Hazrat Omar Farooq (RA) / |
| Statement of responsibility, etc. | Muhammad Hussain Haikal, |
| 260 ## - PUBLICATION, DISTRIBUTION, ETC. | |
| Linkage | Al-Faisal Nashran |
| Name of publisher, distributor, etc. | Lahore |
| Date of publication, distribution, etc. | 2014 |
| 300 ## - PHYSICAL DESCRIPTION | |
| Other physical details | 941 p |
| 650 ## - SUBJECT ADDED ENTRY--TOPICAL TERM | |
| Topical term or geographic name entry element | Sawaneh |
| 9 (RLIN) | 98697 |
| 651 ## - SUBJECT ADDED ENTRY--GEOGRAPHIC NAME | |
| Geographic name | Abdohu Muhammad Masood |
| 9 (RLIN) | 98698 |
| 942 ## - ADDED ENTRY ELEMENTS (KOHA) | |
| Source of classification or shelving scheme | |
| Koha item type | Book |
| Call number prefix | 297.64,HAI |
| Withdrawn status | Lost status | Source of classification or shelving scheme | Damaged status | Not for loan | Permanent Location | Current Location | Shelving location | Date acquired | Shelving control number | Total Checkouts | Full call number | Barcode | Date last seen | Date last checked out | Price effective from | Koha item type | Public note |
|---|---|---|---|---|---|---|---|---|---|---|---|---|---|---|---|---|---|
| Military College of Signals (MCS) | Military College of Signals (MCS) | General Stacks | 08/31/2022 | Islamic Books | 4 | 297.64,HAI | MCS28227 | 02/26/2025 | 01/17/2025 | 08/31/2022 | Book | Almirha No 64, Shelf No 4 |
